Die größten Städte pro Bundesland - Buchstabe K - Statistiken

Allgemein
  • Dieses Quiz wurde 349 mal gespielt
  • Das Durchschnittsergebnis liegt bei 9 aus 38
Antwortstatistiken
Bundesland Einwohnerzahl Stadt % Korrekt
Nordrhein-Westfalen 1.073.096 Köln
96%
Baden-Württemberg 306.502 Karlsruhe
92%
Schleswig-Holstein 246.243 Kiel
88%
Hessen 200.406 Kassel
86%
Rheinland-Pfalz 113.638 Koblenz
83%
Rheinland-Pfalz 99.292 Kaiserslautern
80%
Nordrhein-Westfalen 227.050 Krefeld
67%
Baden-Württemberg 84.736 Konstanz
54%
Bayern 69.053 Kempten (Allgäu)
51%
Bayern 45.118 Kaufbeuren
36%
Nordrhein-Westfalen 66.294 Kerpen
24%
Baden-Württemberg 40.954 Kirchheim (Teck)
20%
Brandenburg 38.283 Königs Wusterhausen
20%
Sachsen-Anhalt 24.876 Köthen (Anhalt)
18%
Sachsen 16.985 Kamenz
13%
Rheinland-Pfalz 18.295 Konz
11%
Hessen 23.287 Korbach
11%
Schleswig-Holstein 23.191 Kaltenkirchen
9%
Hessen 28.913 Kelkheim (Taunus)
9%
Bayern 27.888 Königsbrunn
6%
Niedersachsen 15.786 Königslutter (Elm)
5%
Mecklenburg-Vorpommern 7.964 Kühlungsborn
5%
Thüringen 6.724 Kahla
4%
Sachsen 8.093 Kirchberg
4%
Saarland 9.992 Kirkel
4%
Saarland 10.707 Kleinblittersdorf
4%
Brandenburg 20.136 Kleinmachnow
3%
Sachsen-Anhalt 9.680 Klötze
2%
Schleswig-Holstein 11.921 Kronshagen
2%
Thüringen 3.866 Kyffhäuserland
2%
Thüringen 5.706 Kaltennordheim
1%
Sachsen-Anhalt 9.473 Kemberg
1%
Brandenburg 11.101 Kloster Lehnin
1%
Niedersachsen 11.854 Krummhörn
1%
Niedersachsen 10.054 Kirchlinteln
0%
Sachsen 10.329 Klipphausen
0%
Mecklenburg-Vorpommern 3.905 Kritzmow
0%
Mecklenburg-Vorpommern 4.811 Kröpelin
0%
Keine übereinstimmenden Quizze gefunden
Verteilung der Resultate
Anzahl Personen mit jedem Resultat
Perzentil nach korrekt beantworteten Fragen
Ihre Resultats-Entwicklung
Sie haben dieses Quiz noch nicht gespielt